000 01383nam a2200313 4500
001 114267
003 DR-UNIBE
005 20251210095734.0
008 251203b2025 dr ||||| |||| 00| 1 spa d
020 _a9789945950946
040 _aBIBLIOTECA UNIBE
_cBIBLIOTECA UNIBE
_erda
_bspa
041 _aspa
090 _aFBIU-EAN CJ SA113m
100 1 0 _aSabaris, Arlene
_9152659
_eautor
245 1 3 _aEl misterio de la cascada /
_cArlene Sabaris ; ilustraciones: Taína Almodóvar ; diseño y maquetación: Karina Chávez ; corrección de estilo: Lauristely Peña Solano
250 _aPrimera edición
260 _a Santo Domingo :
_bEditorial Anticanon Infantil
_c2025
300 _a41 páginas :
_bilustraciones a color ;
_c22 x 22 cm
500 _aComentario de la obra en la contraportada, datos del autor e ilustrador al final de la obra, incluye actividades para realizar alusivas al cuento
653 7 _a Cuento juvenil dominicano
653 7 _a Literatura juvenil dominicana
653 7 _aHadas - Cuentos juveniles dominicanos
653 7 _aAmistad - Cuentos juveniles dominicanos
653 7 _aColores - Cuentos infantiles domincanos
700 1 0 _aAlmodóvar Gil, Taína Mariel
_960989
_eilustrador
700 1 0 _aChávez, Karina
_9152663
_ediseñador
_emaquetación
700 1 0 _aPeña Solano, Lauristely,
_d1989-
_9152656
_ecorrector de estilo
942 _2ddc
_cBK
999 _c114267
_d114267